عرض عادي
عرض مارك
- البتال، زيد بن محمد عبد الله،
مدخل إسم شخص
001 - رقم الضبط
- حقل الضبط: 34720
003 - معرف رقم الضبط
- حقل الضبط: OSt
005 - تاريخ ووقت أخر عملية
- حقل الضبط: 20130319112505.0
008 - عناصر بيانات ثابتة الطول
- حقل تحكم ثابت الطول: 130319|||a|||||| | ||| d
040 ## - مصدر الفهرسة
- هيئة الفهرسة الأصلية: OSt
- وكالة الكتابة: OSt
100 ## - مدخل -- أسم شخص
- إسم شخص: البتال، زيد بن محمد عبد الله،
- تواريخ مرتبطة بالاسم: 1378 هـ-
670 ## - بيانات المصدر موجوده
- الاستشهاد بالمصدر: Work cat.: (OSt): البتال، زيد بن محمد عبد الله، 1378 هـ- , الاحتراق النفسي :, 2000 1420.
